000
00310nam a22001217a 4500
020
_a
9789380235776
082
_a
630.2515 SRI?PR
100
_a
Srivastava A K
_a
Tyagi P K
245
_a
Practical Agricultural Meteorology
260
_a
New Delhi
_b
New India Publishing Agency
_c
2011
300
_a
250
942
_c
BK
999
_c
13819
_d
13819